Vista normal
Vista MARC
Entrada Nombre corporativo
Número de registros utilizados en: 1
001 - NÚMERO DE CONTROL
- Campo de control: 4624
003 - IDENTIFICADOR DE NÚMERO DE CONTROL
- Campo de control: ES-MaCES
005 - FECHA Y HORA DE LA ULTIMA MODIFICACION
- Campo de control: 20040709132800.0
008 - ELEMENTOS DE DATOS DE LONGITUD FIJA
- Campo de longitud fija: 040709 | azznnaabn |n ana d
035 ## - NÚMERO DE CONTROL DEL SISTEMA
- Número de control del sistema: CES20040002204e
040 ## - FUENTE DE LA CATALOGACIÓN
- Agencia original de catalogación: ES-MaCES
- Idioma de catalogación: spa
- Agencia de transcripción: ES-MaCES
110 1# - ENCABEZAMIENTO--NOMBRE CORPORATIVO
- Nombre corporativo o de jurisdicción como elemento de entrada: Navarra (Comunidad Autónoma)
- Título de una obra: Ley foral de ordenación del territorio y urbanismo
- Lugar de reunión o firma del tratado: 2002
670 ## - FUENTE DE DATOS ENCONTRADOS
- Fuente de citación: BOE 13/01/2003
- Información encontrada: : Ley 35/2002, de 20 de diciembre
901 ## - CES. DATOS SIRTEX
- ID Sirtex (N5N8): 0001800006115
- 005BIS Sirtex: 200407091328HCUñADO

